| 000 | 00555nam a22001697a 4500 | ||
|---|---|---|---|
| 008 | 230809b |||||||| |||| 00| 0 eng d | ||
| 020 | _a9786139846344 | ||
| 050 | _aSF 85 .I26 2018 | ||
| 100 | _a Ibn Muḥammad, Abī Bakr ibn Ismāʻīl | ||
| 245 |
_aRangeland Management : _cAbī Bakr ibn Ismāʻīl, Ibn Muḥammad |
||
| 250 | _a1st ed. | ||
| 260 |
_aMauritius: _bLambert, _c2018. |
||
| 300 |
_axiv, 252p. ; _bill. ; _c22 cm |
||
| 500 | _aincludes references. | ||
| 650 | _2Range management | ||
| 942 |
_2lcc _cBOOKS _hSF 85 .I26 2018 |
||
| 999 |
_c31836 _d31836 |
||